000
00261nam a22001217a 4500
008
181008b xxu||||| |||| 00| 0 eng d
041
_a
eng
080
_a
618
100
_a
10
101
_a
GJIN
245
_a
OB/Gyn Secrets
_c
Frederickson,H.L
942
_2
udc
_c
BK
999
_c
48980
_d
48980